000 00417nam a22001697a 4500
003 NUST - PNEC
005 20170116181113.0
008 151004b xxu||||| |||| 00| 0 eng d
020 _a-
040 _cLIBRARY
082 _a923.522 RAS
100 _913030
_aRashid, Saeed
245 _aJuraton ke nishan
_cSaeed Rashid
260 _cc.1988
650 _913032
_aJuraton ke nishan
_xGeneral books
942 _2ddc
_cBK
999 _c69197
_d69197